Noise Control : (Record no. 32178)
[ view plain ]
| 000 -LEADER | |
|---|---|
| fixed length control field | 01024cam a22003374a 4500 |
| 001 - CONTROL NUMBER | |
| control field | 5469245 |
| 003 - CONTROL NUMBER IDENTIFIER | |
| control field | OSt |
| 005 - DATE AND TIME OF LATEST TRANSACTION | |
| control field | 20211221152625.0 |
| 008 - FIXED-LENGTH DATA ELEMENTS--GENERAL INFORMATION | |
| fixed length control field | 041126s2005 enka b 001 0 eng |
| 010 ## - LIBRARY OF CONGRESS CONTROL NUMBER | |
| LC control number | 2004028048 |
| 020 ## - INTERNATIONAL STANDARD BOOK NUMBER | |
| International Standard Book Number | 0415358612 |
| 035 ## - SYSTEM CONTROL NUMBER | |
| System control number | (OCoLC)ocm57168340 |
| 035 ## - SYSTEM CONTROL NUMBER | |
| System control number | (NNC)5469245 |
| 038 ## - RECORD CONTENT LICENSOR | |
| Staff Name | Khadija |
| 040 ## - CATALOGING SOURCE | |
| Original cataloging agency | DLC |
| Transcribing agency | DLC |
| Modifying agency | BWKUK |
| -- | BAKER |
| 042 ## - AUTHENTICATION CODE | |
| Authentication code | pcc |
| 050 00 - LIBRARY OF CONGRESS CALL NUMBER | |
| Classification number | TH1725 |
| Item number | .H36 2005 |
| 082 00 - DEWEY DECIMAL CLASSIFICATION NUMBER | |
| Classification number | 693.834 |
| Edition number | 22 |
| Author Mark | HAN |
| 100 1# - MAIN ENTRY--PERSONAL NAME | |
| Personal name | Hansen, Colin H., |
| Dates associated with a name | 1951- |
| 9 (RLIN) | 86881 |
| 245 10 - TITLE STATEMENT | |
| Title | Noise Control : |
| Remainder of title | From Concept to Application / |
| Statement of responsibility, etc. | Colin Hansen. |
| 260 ## - PUBLICATION, DISTRIBUTION, ETC. | |
| Place of publication, distribution, etc. | London ; |
| -- | New York : |
| Name of publisher, distributor, etc. | Taylor & Francis, |
| Date of publication, distribution, etc. | 2005. |
| 300 ## - PHYSICAL DESCRIPTION | |
| Extent | x, 419 p. : |
| Other physical details | ill. ; |
| Dimensions | 24 cm. |
| 504 ## - BIBLIOGRAPHY, ETC. NOTE | |
| Bibliography, etc. note | Includes bibliographical references (p. [407]-414) and index. |
| 563 ## - BINDING INFORMATION | |
| Binding note | PB |
| 650 #0 - SUBJECT ADDED ENTRY--TOPICAL TERM | |
| Topical term or geographic name entry element | Soundproofing. |
| 9 (RLIN) | 86882 |
| 650 #0 - SUBJECT ADDED ENTRY--TOPICAL TERM | |
| Topical term or geographic name entry element | Noise control. |
| 9 (RLIN) | 86883 |
| 856 41 - ELECTRONIC LOCATION AND ACCESS | |
| Materials specified | Table of contents |
| Uniform Resource Identifier | <a href="http://www.loc.gov/catdir/toc/ecip054/2004028048.html">http://www.loc.gov/catdir/toc/ecip054/2004028048.html</a> |
| 942 ## - ADDED ENTRY ELEMENTS (KOHA) | |
| Source of classification or shelving scheme | |
| Koha item type | Book |
| 948 1# - LOCAL PROCESSING INFORMATION (OCLC); SERIES PART DESIGNATOR (RLIN) | |
| Series part designator, SPT (RLIN) | 20051115 |
| b (OCLC) | c |
| c (OCLC) | as2107 |
| d (OCLC) | MPS |
| Withdrawn status | Lost status | Source of classification or shelving scheme | Damaged status | Not for loan | Permanent Location | Current Location | Shelving location | Date acquired | Full call number | Barcode | Date last seen | Price effective from | Koha item type |
|---|---|---|---|---|---|---|---|---|---|---|---|---|---|
| School of Mechanical & Manufacturing Engineering (SMME) | School of Mechanical & Manufacturing Engineering (SMME) | General Stacks | 07/28/2015 | 693.834 HAN | SMME-741 | 03/15/2018 | 07/28/2015 | Book |
